| 000 | 00579nam a22001937a 4500 | ||
|---|---|---|---|
| 003 | OSt | ||
| 005 | 20251211023859.0 | ||
| 008 | 251211b |||||||| |||| 00| 0 eng d | ||
| 020 | _a 978-007-108830-5. | ||
| 040 |
_aDWCL-Admin lib _cOC |
||
| 082 | _aCirc. 174.4 D459i 2011 | ||
| 100 | _aDesjardins, Joseph | ||
| 245 |
_aAn introduction to business ethics / _cJoseph Desjardins |
||
| 260 |
_aN.Y. : _bMcGraw-Hill, _cc2011 |
||
| 300 |
_a xiv, 300 p. : _bill. ; _c24 cm. |
||
| 504 | _aIncludes index. | ||
| 650 | _a1. Business ethics. | ||
| 942 |
_2ddc _cBK-CIRC _e4rth ed. _kCirc. _n0 |
||
| 999 |
_c7034 _d7034 |
||